000 00859nam a2200253Ia 4500
001 21594
005 20260320112528.0
008 260320s9999||||xx |||||||||||||| ||und||
041 _aESP
082 _a332.6
_bM61
100 _a
_e
110 _aMinisterio de Economía y Finanzas
245 0 _aGuía de orientación N° 2 :
_bidentificación, formulación y evaluación de proyectos de inversión pública a nivel de perfil
246 _a
_5
_b
260 _aLima :
_bMinisterio de Economía y Finanzas
_c2008
300 _a87 páginas :
_bilustraciones, gráficos ;
_c30 cm.
_e
440 _a
_n
_v
650 _aCIS
653 _aProyectos de inversión pública
654 _aCHU
700 _a
_c
856 _uhttps://ebooks7-24-com.ucsp.lookproxy.com/stage.aspx?il=&pg=&ed=
_zVéase además: Base de datos Ebook7-24
942 _cLIB
_dJUS
_fMIP
_2ddc
_n
999 _c21594
_d21594